Защищаем магистерскую диссертацию, Пособие по русскому языку для иностранных студентов

Bibliografiske detaljer
Hovedforfatter: Е. В. Ардатова
Andre forfattere: В. И. Фокин (340), А. В. Голубевой
Summary:Книга не входит в премиум-версию платформы «Русский как иностранный».
Пособие предназначено для иностранных учащихся, владеющих русским языком на уровне ТРКИ-2 и выше. Представленный комплекс упражнений направлен на совершенствование практических навыков владения научным стилем речи в общественно-политической сфере и рассчитан на 40–45 часов аудиторных занятий под руководством преподавателя. В пособии использованы материалы магистерских диссертаций, защищенных на факультете международных отношений СПбГУ.
Гарантированный срок размещения на платформе до 01.07.2026 (автопролонгация)
Udgivet: Санкт-Петербург, Златоуст, 2019
Udgivelse:Защищаем магистерскую диссертацию
Fag:
Online adgang:Перейти к просмотру издания
Format: MixedMaterials Electronisk

MARC

LEADER 00000 a2200000 4500
001 RU/ROS-EDU.RU/81374
856 4 |u https://www.ros-edu.ru/book?id=81374  |z Перейти к просмотру издания 
010 |a 978-5-86547-680-1 
205 |a Защищаем магистерскую диссертацию  |b 2026-07-01 
333 |a Гарантированный срок размещения на платформе до 01.07.2026 (автопролонгация) 
100 |a 20190101d2019 |||y0rusy0250   |s 2026-07-01 
105 |a y z 000zy 
101 0 |a rus 
102 |a RU 
200 1 |a Защищаем магистерскую диссертацию  |b Электронный ресурс  |e Пособие по русскому языку для иностранных студентов  |f Е. В. Ардатова, В. И. Фокин  |g ред. А. В. Голубевой 
700 1 |b Е. В.  |a Ардатова  |4 070 
701 1 |b В. И.  |a Фокин  |4 070 
702 1 |b А. В.  |a Голубевой  |4 340 
330 |a Пособие предназначено для иностранных учащихся, владеющих русским языком на уровне ТРКИ-2 и выше. Представленный комплекс упражнений направлен на совершенствование практических навыков владения научным стилем речи в общественно-политической сфере и рассчитан на 40–45 часов аудиторных занятий под руководством преподавателя. В пособии использованы материалы магистерских диссертаций, защищенных на факультете международных отношений СПбГУ. 
210 |a Санкт-Петербург  |c Златоуст  |d 2019 
610 1 |a русский язык 
610 1 |a магистратура 
610 1 |a диссертация 
610 1 |a речь 
610 1 |a научный стиль 
610 1 |a научное исследование 
675 |a 811 
686 |a 81.2  |2 rubbk 
300 |a Книга не входит в премиум-версию платформы «Русский как иностранный». 
215 |a 116 с.